| 000 | 00866nam a2200217Ia 4500 | ||
|---|---|---|---|
| 999 |
_c52353 _d52353 |
||
| 001 | 19371 | ||
| 003 | GE_BSU | ||
| 005 | 20210201132547.0 | ||
| 008 | 181216s2009||||ge |||||||||||||| ||geo|| | ||
| 040 | _cGE_BSU | ||
| 041 | _ageo | ||
| 080 | _a004.9 ს-96 | ||
| 100 |
_aსურმანიძე, ზ. _91142 |
||
| 245 |
_aკომპიუტერთან მუშაობის უნარ-ჩვევები / _cზ. სურმანიძე. |
||
| 264 |
_aბათუმი, _c2009. |
||
| 300 |
_a146 გვ.:' _bცხრ.; _c20 სმ. |
||
| 653 | _aინტერნეტი,მონაცემთა დაცვა. | ||
| 653 | _aკომპიუტერთან მუშაობის უნარ-ჩვევები | ||
| 653 | _aსაინფორმაციო ტექნოლოგიები | ||
| 942 |
_cBK _2udc |
||